000 00696nam a2200217 4500
003 OSt
005 20211208091057.0
008 s2013 le fre u
040 _aLB-BrCRDP
082 1 _a372.1
_bCOL.
100 1 _aCollectif
245 1 0 _aKidproof ProtectED Teacher Training
_bTrainer script with slides
_cCollectif
260 _aBeyrouth
_bCentre de Recherche et de Développement Pédagogiques
_c2013
300 _a74 p.
_c20*30 cm.
490 0 _aKidproof
650 _aKidproof methodology
650 _aKidproof -- Knowledge -- Training Trainer
650 _aKidproof -- Script with slides
942 _cBK
_2ddc
999 _c6480
_d6480